LDR 00649naa#a2200157#i#450# 001 EN\\bibl\110836 005 20260602140742.2 011 ## _a2074-8183 100 ## _a20260331b2026####ek#y0engy0150####ca 102 ## _aRU 200 1# _aReview of member of the Dissertation Council on the dissertation of S. S. Lukyanov "The competence of the court in the exercise of judicial control at the pre-trial stages of the criminal process" _eJournal article 210 1# _aVolgograd _cVolgograd Academy of the Ministry of Internal Affairs of Russia _d2026 215 ## _a3 с. 608 ## _aJournal article _2local 700 #1 _aBurmagin _gSergey Viktorovich 856 4# _ava-mvd.editorum.ru _u